[Event "EYCC 2024 - O18"]
[Site "?"]
[Date "2024.08.25"]
[Round "4.1"]
[White "Pasztor, Balazs"]
[Black "Sokolovsky, Yahli"]
[Result "1/2-1/2"]
[BlackElo "2522"]
[WhiteElo "2402"]
[LiveChessVersion "1.4.8"]

1. e4 {[%clk 1:30:57]} e5 {[%clk 1:30:53]} 2. Nf3 {[%clk 1:31:19]} Nc6
{[%clk 1:31:19]} 3. Bb5 {[%clk 1:31:41]} a6 {[%clk 1:31:44]} 4. Ba4
{[%clk 1:32:06]} Nf6 {[%clk 1:32:06]} 5. O-O {[%clk 1:32:23]} Be7
{[%clk 1:32:32]} 6. Re1 {[%clk 1:32:39]} b5 {[%clk 1:32:57]} 7. Bb3
{[%clk 1:33:05]} O-O {[%clk 1:33:14]} 8. a4 {[%clk 1:33:00]} Bb7 {[%clk 1:33:36]}
9. d3 {[%clk 1:33:00]} d6 {[%clk 1:33:42]} 10. h3 {[%clk 1:33:07]} Na5
{[%clk 1:33:09]} 11. Ba2 {[%clk 1:32:57]} c5 {[%clk 1:33:16]} 12. Nbd2
{[%clk 1:32:45]} Bc8 {[%clk 1:22:48]} 13. Nf1 {[%clk 1:26:50]} Be6
{[%clk 1:22:15]} 14. Bxe6 {[%clk 1:17:07]} fxe6 {[%clk 1:22:38]} 15. axb5
{[%clk 1:13:30]} axb5 {[%clk 1:23:02]} 16. Be3 {[%clk 1:12:25]} h6
{[%clk 1:06:34]} 17. Ng3 {[%clk 1:08:27]} Nc6 {[%clk 1:06:04]} 18. c3
{[%clk 1:06:32]} Rxa1 {[%clk 1:03:56]} 19. Qxa1 {[%clk 1:06:53]} Qa8
{[%clk 1:04:21]} 20. Qc1 {[%clk 0:57:06]} Nd7 {[%clk 0:43:00]} 21. Nh2
{[%clk 0:53:13]} Nf6 {[%clk 0:35:16]} 22. f4 {[%clk 0:45:29]} exf4
{[%clk 0:34:59]} 23. Bxf4 {[%clk 0:45:52]} Nd7 {[%clk 0:27:11]} 24. Ng4
{[%clk 0:35:12]} Nce5 {[%clk 0:24:37]} 25. Bxe5 {[%clk 0:32:45]} Nxe5
{[%clk 0:24:57]} 26. Nxe5 {[%clk 0:31:51]} dxe5 {[%clk 0:24:18]} 27. Rf1
{[%clk 0:27:23]} Bg5 {[%clk 0:23:31]} 28. Rxf8+ {[%clk 0:25:56]} Qxf8
{[%clk 0:23:59]} 29. Qf1 {[%clk 0:22:38]} Be3+ {[%clk 0:13:27]} 30. Kh1
{[%clk 0:22:39]} Qf4 {[%clk 0:13:38]} 31. Qf3 {[%clk 0:16:35]} Qxf3
{[%clk 0:09:34]} 32. gxf3 {[%clk 0:16:59]} c4 {[%clk 0:09:34]} 33. dxc4
{[%clk 0:14:22]} bxc4 {[%clk 0:10:03]} 34. Kg2 {[%clk 0:13:10]} Bc1
{[%clk 0:07:14]} 35. Nf1 {[%clk 0:13:31]} Kf7 {[%clk 0:05:26]} 36. Kf2
{[%clk 0:13:28]} Bxb2 {[%clk 0:05:47]} 37. Ne3 {[%clk 0:13:41]} Bxc3
{[%clk 0:06:12]} 38. Nxc4 {[%clk 0:14:06]} Kf6 {[%clk 0:05:42]} 39. Kg3
{[%clk 0:11:04]} Kg5 {[%clk 0:06:01]} 40. Nd6 {[%clk 0:10:57]} Be1+
{[%clk 0:05:31]} 41. Kg2 {[%clk 0:11:19]} Bb4 {[%clk 0:05:30]} 42. Nc4
{[%clk 0:10:02]} Kf4 {[%clk 0:05:33]} 43. Kf2 {[%clk 0:08:04]} Be7
{[%clk 0:01:50]} 44. Kg2 {[%clk 0:07:54]} Bh4 {[%clk 0:01:14]} 45. Nd6
{[%clk 0:07:38]} Kg5 {[%clk 0:00:40]} 46. Nb7 {[%clk 0:07:32]} Kf6
{[%clk 0:00:50]} 47. Nd6 {[%clk 0:06:23]} Bg5 {[%clk 0:01:07]} 48. Ne8+
{[%clk 0:05:38]} Kg6 {[%clk 0:01:16]} 49. Nc7 {[%clk 0:05:42]} Kf7
{[%clk 0:01:35]} 50. Nb5 {[%clk 0:05:56]} Ke7 {[%clk 0:01:24]} 51. Na3
{[%clk 0:05:42]} Be3 {[%clk 0:01:49]} 52. Nc4 {[%clk 0:05:59]} Bd4
{[%clk 0:02:18]} 53. Kf1 {[%clk 0:04:51]} Ke8 {[%clk 0:02:04]} 54. Kg2
{[%clk 0:05:05]} Kf7 {[%clk 0:02:10]} 55. Kg3 {[%clk 0:05:16]} Ke8
{[%clk 0:01:49]} 56. Kg2 {[%clk 0:05:39]} Ke7 {[%clk 0:02:18]} 57. Kf1
{[%clk 0:05:24]} Kf6 {[%clk 0:02:17]} 58. Kg2 {[%clk 0:05:48]} Kg6
{[%clk 0:02:32]} 59. Kg3 {[%clk 0:05:56]} Kg5 {[%clk 0:02:54]} 60. Nd6
{[%clk 0:05:56]} Bc3 {[%clk 0:01:19]} 61. Nf7+ {[%clk 0:06:00]} Kf6
{[%clk 0:01:31]} 62. Nd6 {[%clk 0:06:24]} Bd4 {[%clk 0:01:26]} 63. Nc4
{[%clk 0:06:44]} h5 {[%clk 0:01:49]} 64. Nd6 {[%clk 0:06:15]} Be3
{[%clk 0:01:24]} 65. Nc4 {[%clk 0:06:10]} Bf4+ {[%clk 0:01:41]} 66. Kg2
{[%clk 0:05:50]} Ke7 {[%clk 0:01:54]} 67. Kf1 {[%clk 0:06:14]} Kd7
{[%clk 0:01:59]} 68. Ke2 {[%clk 0:06:34]} Kc6 {[%clk 0:02:19]} 69. Kd3
{[%clk 0:06:47]} Kc5 {[%clk 0:02:48]} 70. Na5 {[%clk 0:06:53]} Bh2
{[%clk 0:02:42]} 71. Nc4 {[%clk 0:07:13]} Bg3 {[%clk 0:03:10]} 72. Na5
{[%clk 0:07:36]} Bf2 {[%clk 0:02:07]} 73. Nc4 {[%clk 0:07:53]} Bd4
{[%clk 0:02:36]} 74. Na5 {[%clk 0:08:14]} Kd6 {[%clk 0:03:04]} 75. Nc4+
{[%clk 0:05:28]} Ke7 {[%clk 0:03:28]} 76. Ke2 {[%clk 0:05:44]} Kf6
{[%clk 0:03:54]} 77. Kf1 {[%clk 0:05:12]} Kg5 {[%clk 0:01:46]} 78. Kg2
{[%clk 0:05:35]} Kf4 {[%clk 0:02:12]} 79. Nd6 {[%clk 0:05:33]} Kg5
{[%clk 0:02:30]} 80. Kg3 {[%clk 0:05:45]} Bc3 {[%clk 0:02:22]} 81. Nf7+
{[%clk 0:05:59]} Kf6 {[%clk 0:02:38]} 82. Nd6 {[%clk 0:05:59]} g6
{[%clk 0:02:13]} 83. Kg2 {[%clk 0:06:07]} Ba5 {[%clk 0:01:33]} 84. Kg3
{[%clk 0:06:20]} Ke7 {[%clk 0:02:01]} 85. Nc4 {[%clk 0:06:41]} Bc7
{[%clk 0:02:30]} 86. Na3 {[%clk 0:06:28]} Bd6 {[%clk 0:02:19]} 87. Nc4
{[%clk 0:06:53]} Bb8 {[%clk 0:02:48]} 88. Kh4 {[%clk 0:06:58]} Kf6
{[%clk 0:03:07]} 89. Kg3 {[%clk 0:07:06]} Bc7 {[%clk 0:03:05]} 90. Kh4
{[%clk 0:07:19]} Bd8 {[%clk 0:03:34]} 91. Kg3 {[%clk 0:07:38]} Be7
{[%clk 0:03:58]} 92. Na5 {[%clk 0:07:49]} Bc5 {[%clk 0:04:11]} 93. Nc4
{[%clk 0:08:12]} Bb4 {[%clk 0:04:39]} 94. Kg2 {[%clk 0:08:17]} Kg5
{[%clk 0:05:03]} 95. Nxe5 {[%clk 0:08:36]} Kf6 {[%clk 0:05:10]} 1/2-1/2

[Event "EYCC 2024 - O18"]
[Site "?"]
[Date "2024.08.25"]
[Round "4.2"]
[White "Talibov, Shiroghlan"]
[Black "Macias Pino, Diego"]
[Result "1/2-1/2"]
[BlackElo "2477"]
[WhiteElo "2395"]
[LiveChessVersion "1.4.8"]

1. e4 {[%clk 1:30:58]} c5 {[%clk 1:30:59]} 2. Nf3 {[%clk 1:31:21]} Nc6
{[%clk 1:31:25]} 3. Bb5 {[%clk 1:31:28]} e6 {[%clk 1:31:49]} 4. O-O
{[%clk 1:30:36]} Nge7 {[%clk 1:32:11]} 5. c3 {[%clk 1:30:51]} a6 {[%clk 1:32:35]}
6. Ba4 {[%clk 1:31:17]} b5 {[%clk 1:33:02]} 7. Bc2 {[%clk 1:31:43]} Bb7
{[%clk 1:33:30]} 8. d4 {[%clk 1:27:06]} cxd4 {[%clk 1:33:08]} 9. Nxd4
{[%clk 1:27:30]} Rc8 {[%clk 1:29:35]} 10. Be3 {[%clk 1:25:19]} Ng6
{[%clk 1:13:45]} 11. Nd2 {[%clk 1:19:28]} Qc7 {[%clk 1:10:12]} 12. Nxc6
{[%clk 1:17:14]} Qxc6 {[%clk 1:05:05]} 13. Nb3 {[%clk 1:15:35]} Qc7
{[%clk 1:05:08]} 14. f4 {[%clk 1:14:11]} b4 {[%clk 0:58:36]} 15. Bd3
{[%clk 1:10:41]} e5 {[%clk 0:54:34]} 16. fxe5 {[%clk 0:55:27]} Nxe5
{[%clk 0:47:25]} 17. Rc1 {[%clk 0:54:08]} Qb8 {[%clk 0:44:29]} 18. Qe2
{[%clk 0:36:54]} bxc3 {[%clk 0:38:27]} 19. Bxa6 {[%clk 0:31:25]} Bxa6
{[%clk 0:33:26]} 20. Qxa6 {[%clk 0:31:39]} Rc6 {[%clk 0:32:22]} 21. Qe2
{[%clk 0:31:26]} cxb2 {[%clk 0:30:53]} 22. Rxc6 {[%clk 0:31:50]} dxc6
{[%clk 0:31:14]} 23. Bd4 {[%clk 0:30:35]} Bd6 {[%clk 0:29:04]} 24. Bxb2
{[%clk 0:29:57]} c5 {[%clk 0:27:32]} 25. Kh1 {[%clk 0:26:13]} O-O
{[%clk 0:25:07]} 26. Bxe5 {[%clk 0:23:42]} Bxe5 {[%clk 0:25:36]} 27. h3
{[%clk 0:23:58]} Qb6 {[%clk 0:17:39]} 1/2-1/2

[Event "EYCC 2024 - O18"]
[Site "?"]
[Date "2024.08.25"]
[Round "4.4"]
[White "Klimkowski, Jan"]
[Black "Garcia Fernandez, Victor"]
[Result "1/2-1/2"]
[BlackElo "2313"]
[WhiteElo "2508"]
[LiveChessVersion "1.4.8"]

1. e4 {[%clk 1:30:58]} c5 {[%clk 1:30:52]} 2. Nf3 {[%clk 1:31:24]} Nc6
{[%clk 1:31:13]} 3. Nc3 {[%clk 1:31:48]} d6 {[%clk 1:28:32]} 4. d4
{[%clk 1:32:10]} cxd4 {[%clk 1:28:56]} 5. Nxd4 {[%clk 1:32:38]} Nf6
{[%clk 1:29:19]} 6. Nb3 {[%clk 1:33:03]} e5 {[%clk 1:12:05]} 7. Bg5
{[%clk 1:33:14]} Be7 {[%clk 1:12:28]} 8. Qd2 {[%clk 1:32:37]} Be6
{[%clk 1:07:33]} 9. O-O-O {[%clk 1:31:53]} a6 {[%clk 1:05:06]} 10. h4
{[%clk 1:22:32]} h6 {[%clk 0:46:54]} 11. Bxf6 {[%clk 1:18:54]} Bxf6
{[%clk 0:46:52]} 12. g3 {[%clk 1:17:46]} Be7 {[%clk 0:44:40]} 13. f4
{[%clk 1:09:24]} exf4 {[%clk 0:40:44]} 14. gxf4 {[%clk 1:09:24]} Bxh4
{[%clk 0:40:50]} 15. e5 {[%clk 1:05:27]} Nxe5 {[%clk 0:32:49]} 16. Ne4
{[%clk 0:50:19]} Nc6 {[%clk 0:30:05]} 17. Nxd6+ {[%clk 0:49:30]} Kf8
{[%clk 0:30:28]} 18. Qe3 {[%clk 0:29:58]} Qe7 {[%clk 0:22:00]} 19. Bh3
{[%clk 0:19:33]} Rd8 {[%clk 0:19:51]} 20. Bxe6 {[%clk 0:14:39]} Rxd6
{[%clk 0:19:54]} 21. Rxd6 {[%clk 0:15:04]} Qxd6 {[%clk 0:20:19]} 22. Bc8
{[%clk 0:14:53]} Bf6 {[%clk 0:15:29]} 23. Bxb7 {[%clk 0:15:04]} Nd4
{[%clk 0:15:47]} 24. Nxd4 {[%clk 0:13:37]} Bxd4 {[%clk 0:16:16]} 25. Qe4
{[%clk 0:13:19]} g5 {[%clk 0:14:09]} 26. c3 Bf6 {[%clk 0:14:24]} 27. Rd1
{[%clk 0:10:00]} Qb6 {[%clk 0:07:13]} 28. Bd5 {[%clk 0:09:36]} Qc7
{[%clk 0:05:12]} 29. Bc4 {[%clk 0:09:12]} Kg7 {[%clk 0:04:12]} 30. fxg5
{[%clk 0:07:58]} hxg5 {[%clk 0:04:34]} 31. Bd5 {[%clk 0:06:34]} Rh2
{[%clk 0:03:00]} 1/2-1/2

[Event "EYCC 2024 - O18"]
[Site "?"]
[Date "2024.08.25"]
[Round "4.5"]
[White "Piliposyan, Robert"]
[Black "Malek, Jan"]
[Result "1-0"]
[BlackElo "2482"]
[WhiteElo "2376"]
[LiveChessVersion "1.4.8"]

1. d4 {[%clk 1:30:57]} Nf6 {[%clk 1:30:55]} 2. c4 {[%clk 1:31:22]} e6
{[%clk 1:31:21]} 3. Nc3 {[%clk 1:31:49]} Bb4 {[%clk 1:31:26]} 4. e3
{[%clk 1:32:13]} O-O {[%clk 1:31:39]} 5. Bd2 {[%clk 1:32:40]} d5 {[%clk 1:30:12]}
6. Nf3 {[%clk 1:32:43]} b6 {[%clk 1:30:21]} 7. cxd5 {[%clk 1:33:08]} exd5
{[%clk 1:30:46]} 8. Rc1 {[%clk 1:33:33]} c5 {[%clk 1:31:09]} 9. Be2
{[%clk 1:33:48]} Nc6 {[%clk 1:23:33]} 10. O-O {[%clk 1:31:10]} Rb8
{[%clk 1:05:35]} 11. Ne5 {[%clk 1:03:32]} Bb7 {[%clk 0:58:48]} 12. Bb5
{[%clk 0:42:44]} Nxe5 {[%clk 0:46:58]} 13. dxe5 {[%clk 0:41:47]} Bxc3
{[%clk 0:46:25]} 14. Bxc3 {[%clk 0:39:45]} Ne4 {[%clk 0:46:53]} 15. Be1
{[%clk 0:29:47]} c4 {[%clk 0:35:36]} 16. f4 {[%clk 0:24:49]} Qe7 {[%clk 0:31:47]}
17. Ba4 {[%clk 0:24:06]} f6 {[%clk 0:30:33]} 18. exf6 {[%clk 0:19:35]} Qxf6
{[%clk 0:30:05]} 19. Bc2 {[%clk 0:19:53]} Qe7 {[%clk 0:19:32]} 20. Qd4
{[%clk 0:18:13]} Rfe8 {[%clk 0:18:14]} 21. Rf3 {[%clk 0:15:22]} Qc5
{[%clk 0:17:39]} 22. Rd1 {[%clk 0:15:24]} Bc6 {[%clk 0:15:36]} 23. Rh3
{[%clk 0:12:42]} Rb7 {[%clk 0:15:47]} 24. Bc3 {[%clk 0:10:33]} h6
{[%clk 0:16:02]} 25. Bxe4 {[%clk 0:09:58]} Rxe4 {[%clk 0:11:07]} 26. Qd2
{[%clk 0:10:22]} Rbe7 {[%clk 0:11:32]} 27. Bb4 {[%clk 0:09:54]} Qb5
{[%clk 0:10:48]} 28. Bxe7 {[%clk 0:10:19]} Rxe7 {[%clk 0:11:13]} 29. f5
{[%clk 0:09:19]} d4 {[%clk 0:01:28]} 30. exd4 {[%clk 0:07:14]} c3
{[%clk 0:00:59]} 31. Qxc3 {[%clk 0:06:44]} Bxg2 {[%clk 0:00:31]} 32. Qb3+
{[%clk 0:06:54]} Qxb3 {[%clk 0:00:59]} 33. Rxb3 {[%clk 0:07:19]} Bd5
{[%clk 0:01:27]} 34. Rg3 {[%clk 0:07:39]} Kf7 {[%clk 0:01:01]} 35. Kf2
{[%clk 0:07:35]} Re4 {[%clk 0:01:19]} 36. Rdg1 {[%clk 0:07:32]} Rxd4
{[%clk 0:01:42]} 37. Rxg7+ {[%clk 0:07:41]} Kf6 {[%clk 0:02:11]} 38. R1g6+
{[%clk 0:05:13]} Kxf5 {[%clk 0:02:39]} 39. Rxh6 {[%clk 0:05:36]} Rd2+
{[%clk 0:02:21]} 40. Ke3 {[%clk 0:06:02]} Rxb2 {[%clk 0:02:46]} 41. h4
{[%clk 0:06:21]} 1-0

[Event "EYCC 2024 - O18"]
[Site "?"]
[Date "2024.08.25"]
[Round "4.6"]
[White "Chyzy, Jakub"]
[Black "Rozen, Eytan"]
[Result "1/2-1/2"]
[BlackElo "2478"]
[WhiteElo "2368"]
[LiveChessVersion "1.4.8"]

1. e4 {[%clk 1:28:32]} c6 {[%clk 1:30:56]} 2. d4 {[%clk 1:28:56]} d5
{[%clk 1:31:23]} 3. e5 {[%clk 1:29:22]} Bf5 {[%clk 1:31:49]} 4. c4
{[%clk 1:29:45]} e6 {[%clk 1:32:12]} 5. Nc3 {[%clk 1:30:05]} Ne7 {[%clk 1:32:13]}
6. Be3 {[%clk 1:21:39]} dxc4 {[%clk 1:21:19]} 7. Bxc4 {[%clk 1:21:55]} Nd5
{[%clk 1:21:40]} 8. Nge2 {[%clk 1:14:06]} Be7 {[%clk 1:21:15]} 9. O-O
{[%clk 1:13:13]} O-O {[%clk 1:21:25]} 10. Ng3 {[%clk 1:01:04]} Bg6
{[%clk 1:20:50]} 11. Bxd5 {[%clk 1:00:41]} cxd5 {[%clk 1:20:58]} 12. f4
{[%clk 1:00:59]} f5 {[%clk 1:16:24]} 13. exf6 {[%clk 1:00:55]} Bxf6
{[%clk 1:16:48]} 14. f5 {[%clk 1:00:40]} exf5 {[%clk 1:16:17]} 15. Qb3
{[%clk 0:58:55]} Nc6 {[%clk 1:12:40]} 16. Qxd5+ {[%clk 0:35:59]} Qxd5
{[%clk 1:12:43]} 17. Nxd5 {[%clk 0:36:25]} Bxd4 {[%clk 1:11:14]} 18. Bxd4
{[%clk 0:36:38]} Nxd4 {[%clk 1:11:02]} 19. Ne7+ {[%clk 0:35:35]} Kh8
{[%clk 1:01:21]} 20. Rad1 {[%clk 0:29:40]} Rad8 {[%clk 0:58:33]} 21. Nexf5
{[%clk 0:28:33]} Nxf5 {[%clk 0:56:01]} 22. Rxd8 {[%clk 0:28:49]} Rxd8
{[%clk 0:56:25]} 23. Nxf5 {[%clk 0:29:16]} h6 {[%clk 0:51:27]} 24. Ng3
{[%clk 0:19:37]} Kg8 {[%clk 0:46:07]} 25. a3 {[%clk 0:20:00]} a5 {[%clk 0:45:12]}
26. Re1 {[%clk 0:19:35]} Kf7 {[%clk 0:37:53]} 27. Kf2 {[%clk 0:19:49]} Rd4
{[%clk 0:37:47]} 28. Ke3 {[%clk 0:18:59]} Rc4 {[%clk 0:35:26]} 29. Rd1
{[%clk 0:19:16]} Ke6 {[%clk 0:34:29]} 30. Rd4 {[%clk 0:19:35]} Rc2
{[%clk 0:34:45]} 31. Rd2 {[%clk 0:19:58]} Rxd2 {[%clk 0:34:26]} 32. Kxd2
{[%clk 0:20:23]} Ke5 {[%clk 0:32:06]} 33. Ke3 {[%clk 0:18:55]} Kd5
{[%clk 0:31:20]} 34. Nf1 {[%clk 0:19:16]} Be4 {[%clk 0:30:21]} 35. g3
{[%clk 0:19:38]} Ke5 {[%clk 0:27:56]} 36. Nd2 {[%clk 0:19:50]} Bd5
{[%clk 0:28:24]} 37. Nf1 {[%clk 0:19:57]} g5 {[%clk 0:28:42]} 38. Nd2
{[%clk 0:19:58]} Kf5 {[%clk 0:26:49]} 39. Kf2 {[%clk 0:18:55]} h5
{[%clk 0:25:52]} 40. Ke3 {[%clk 0:19:03]} h4 {[%clk 0:25:20]} 41. Kf2
{[%clk 0:18:35]} Kg4 {[%clk 0:16:36]} 42. Nf1 {[%clk 0:18:46]} Kh3
{[%clk 0:16:18]} 43. Ne3 {[%clk 0:17:44]} Bc6 {[%clk 0:15:52]} 44. gxh4
{[%clk 0:17:53]} gxh4 {[%clk 0:15:47]} 45. Kg1 {[%clk 0:18:10]} a4
{[%clk 0:16:13]} 46. Nc4 {[%clk 0:14:54]} Kg4 {[%clk 0:16:14]} 47. Kf2
{[%clk 0:15:19]} Kf4 {[%clk 0:16:23]} 48. Nd2 {[%clk 0:15:18]} Bd5
{[%clk 0:15:04]} 49. Ke2 {[%clk 0:15:41]} b6 {[%clk 0:08:53]} 50. Kf2
{[%clk 0:15:59]} b5 {[%clk 0:08:42]} 51. Ke2 {[%clk 0:16:26]} Bc4+
{[%clk 0:08:50]} 52. Kf2 {[%clk 0:14:15]} h3 {[%clk 0:09:14]} 53. Nxc4
{[%clk 0:07:14]} bxc4 {[%clk 0:09:42]} 54. Ke2 {[%clk 0:07:37]} Ke4
{[%clk 0:10:09]} 55. Kd2 {[%clk 0:07:54]} Kd4 {[%clk 0:07:00]} 56. Kc2
{[%clk 0:08:03]} Ke3 {[%clk 0:07:19]} 57. Kc3 {[%clk 0:08:22]} Kf2
{[%clk 0:06:19]} 58. Kd2 {[%clk 0:08:43]} Kf3 {[%clk 0:06:33]} 59. Kd1
{[%clk 0:09:05]} Ke3 {[%clk 0:05:59]} 60. Kc2 {[%clk 0:09:30]} Ke2
{[%clk 0:04:58]} 61. Kc3 {[%clk 0:09:46]} Kf1 {[%clk 0:04:29]} 62. Kd2
{[%clk 0:10:10]} Kf2 {[%clk 0:04:27]} 63. Kd1 {[%clk 0:10:34]} Kg1
{[%clk 0:03:34]} 64. Ke1 {[%clk 0:10:59]} Kh1 {[%clk 0:03:37]} 65. Kf1
{[%clk 0:11:25]} Kxh2 {[%clk 0:04:03]} 66. Kf2 {[%clk 0:11:53]} Kh1
{[%clk 0:04:24]} 67. Kf1 {[%clk 0:12:20]} h2 {[%clk 0:04:23]} 68. Kf2
{[%clk 0:12:45]} c3 {[%clk 0:04:51]} 69. bxc3 {[%clk 0:13:10]} 1/2-1/2

[Event "EYCC 2024 - O18"]
[Site "?"]
[Date "2024.08.25"]
[Round "4.7"]
[White "Levin, Guy"]
[Black "Farokhi, Keyvan"]
[Result "1-0"]
[BlackElo "2307"]
[WhiteElo "2436"]
[LiveChessVersion "1.4.8"]

1. Nf3 {[%clk 1:30:50]} Nf6 {[%clk 1:30:54]} 2. g3 {[%clk 1:31:11]} g6
{[%clk 1:31:19]} 3. Bg2 {[%clk 1:31:22]} Bg7 {[%clk 1:31:43]} 4. c4
{[%clk 1:31:45]} c6 {[%clk 1:32:02]} 5. O-O {[%clk 1:31:57]} O-O {[%clk 1:32:25]}
6. d4 {[%clk 1:32:22]} d5 {[%clk 1:32:50]} 7. a4 {[%clk 1:32:48]} a5
{[%clk 1:32:41]} 8. cxd5 {[%clk 1:30:08]} cxd5 {[%clk 1:32:37]} 9. Nc3
{[%clk 1:30:34]} Nc6 {[%clk 1:32:53]} 10. Bf4 {[%clk 1:27:33]} Bf5
{[%clk 1:31:00]} 11. Nb5 {[%clk 1:25:06]} Rc8 {[%clk 1:29:07]} 12. Rc1
{[%clk 1:24:18]} Qb6 {[%clk 1:19:38]} 13. Qb3 {[%clk 1:16:42]} Be4
{[%clk 1:08:48]} 14. Bh3 {[%clk 1:05:09]} Bxf3 {[%clk 0:55:28]} 15. exf3
{[%clk 0:46:56]} e6 {[%clk 0:54:26]} 16. Bd6 {[%clk 0:44:50]} Rfd8
{[%clk 0:53:19]} 17. Bc5 {[%clk 0:42:24]} Qa6 {[%clk 0:50:33]} 18. Qe3
{[%clk 0:41:24]} Ne8 {[%clk 0:43:10]} 19. Rc3 {[%clk 0:34:21]} Nc7
{[%clk 0:35:54]} 20. Rfc1 {[%clk 0:34:21]} b6 {[%clk 0:31:10]} 21. Be7
{[%clk 0:32:50]} Nxe7 {[%clk 0:24:57]} 22. Rxc7 {[%clk 0:28:42]} Rxc7
{[%clk 0:15:10]} 23. Rxc7 {[%clk 0:28:43]} Bf6 {[%clk 0:12:06]} 24. Bxe6
{[%clk 0:28:19]} Qa8 {[%clk 0:12:26]} 25. Qf4 {[%clk 0:25:42]} Kg7
{[%clk 0:12:34]} 26. Rxe7 {[%clk 0:26:01]} 1-0

[Event "EYCC 2024 - O18"]
[Site "?"]
[Date "2024.08.25"]
[Round "4.10"]
[White "Razafindratsima, Timothe"]
[Black "Sahakyan, Aleks"]
[Result "1/2-1/2"]
[BlackElo "2287"]
[WhiteElo "2457"]
[LiveChessVersion "1.4.8"]

1. e4 {[%clk 1:30:58]} e5 {[%clk 1:30:59]} 2. Nf3 {[%clk 1:31:13]} Nc6
{[%clk 1:31:27]} 3. Bc4 {[%clk 1:31:29]} Nf6 {[%clk 1:31:55]} 4. d3
{[%clk 1:31:50]} Bc5 {[%clk 1:32:19]} 5. c3 {[%clk 1:31:56]} d6 {[%clk 1:32:31]}
6. O-O {[%clk 1:31:57]} a5 {[%clk 1:32:44]} 7. Re1 {[%clk 1:31:18]} h6
{[%clk 1:32:47]} 8. Bb3 {[%clk 1:30:21]} O-O {[%clk 1:32:13]} 9. h3
{[%clk 1:29:55]} Ba7 {[%clk 1:30:40]} 10. Nbd2 {[%clk 1:26:09]} Be6
{[%clk 1:28:55]} 11. Nf1 {[%clk 1:19:08]} Bxb3 12. axb3 {[%clk 1:18:51]} d5
{[%clk 1:22:29]} 13. Qe2 {[%clk 1:15:17]} Qd7 {[%clk 1:18:08]} 14. Ng3
{[%clk 1:01:16]} Rfd8 {[%clk 1:14:15]} 15. Nd2 {[%clk 0:51:56]} dxe4
{[%clk 0:59:37]} 16. Ndxe4 {[%clk 0:48:43]} Qe6 {[%clk 0:52:41]} 17. Qf3
{[%clk 0:43:55]} Nd5 {[%clk 0:45:14]} 18. Nf5 {[%clk 0:34:59]} Nf4
{[%clk 0:26:36]} 19. Qg4 {[%clk 0:35:17]} g6 {[%clk 0:26:06]} 20. Bxf4
{[%clk 0:24:04]} Qxf5 {[%clk 0:25:13]} 21. Qxf5 {[%clk 0:17:29]} gxf5
{[%clk 0:25:36]} 22. Nf6+ {[%clk 0:17:54]} Kg7 {[%clk 0:25:50]} 23. Bxe5
{[%clk 0:18:06]} Kg6 {[%clk 0:20:57]} 24. d4 {[%clk 0:08:34]} Nxe5
{[%clk 0:21:26]} 25. Rxe5 {[%clk 0:08:58]} Bxd4 {[%clk 0:20:19]} 26. cxd4
{[%clk 0:09:17]} Kxf6 {[%clk 0:20:47]} 27. Rc1 {[%clk 0:03:43]} c6
{[%clk 0:19:35]} 28. Rcc5 {[%clk 0:03:19]} Rxd4 {[%clk 0:16:00]} 29. Rxf5+
{[%clk 0:03:47]} Kg6 {[%clk 0:16:19]} 30. Rf3 {[%clk 0:04:14]} Rd5
{[%clk 0:15:25]} 31. Rxd5 {[%clk 0:01:13]} cxd5 {[%clk 0:15:53]} 32. Rd3
{[%clk 0:00:58]} Rd8 {[%clk 0:16:05]} 33. Kf1 {[%clk 0:01:24]} d4
{[%clk 0:12:26]} 34. Ke2 {[%clk 0:01:53]} Rd5 {[%clk 0:12:13]} 35. Rg3+
{[%clk 0:01:56]} Kf6 {[%clk 0:11:38]} 36. Kd3 {[%clk 0:02:07]} Rf5
{[%clk 0:11:26]} 37. f3 {[%clk 0:02:10]} Rb5 {[%clk 0:11:50]} 38. Rg4
{[%clk 0:01:22]} Rxb3+ {[%clk 0:11:55]} 39. Kc2 {[%clk 0:01:36]} Rb4
{[%clk 0:11:16]} 40. Rf4+ {[%clk 0:02:01]} Kg6 {[%clk 0:11:02]} 41. Rg4+
{[%clk 0:01:19]} Kf5 {[%clk 0:11:24]} 42. Rg7 {[%clk 0:01:43]} Kf6
{[%clk 0:11:49]} 43. Rg8 {[%clk 0:01:54]} d3+ {[%clk 0:12:00]} 44. Kc3
{[%clk 0:01:52]} Ke7 {[%clk 0:11:34]} 45. Kxd3 {[%clk 0:02:17]} Rxb2
{[%clk 0:12:03]} 46. Kc3 {[%clk 0:02:47]} Rb6 {[%clk 0:10:33]} 47. Rg4
{[%clk 0:03:13]} Rc6+ {[%clk 0:10:21]} 48. Kb3 {[%clk 0:03:38]} b5
{[%clk 0:10:30]} 49. Rh4 {[%clk 0:04:06]} Rg6 {[%clk 0:09:33]} 50. Rh5
{[%clk 0:03:50]} a4+ {[%clk 0:07:13]} 51. Ka3 {[%clk 0:03:09]} Rxg2
{[%clk 0:06:33]} 52. Rxb5 {[%clk 0:03:05]} Rg3 53. Rh5 {[%clk 0:03:05]} Rxf3+
{[%clk 0:05:39]} 54. Kxa4 {[%clk 0:03:34]} Rf6 {[%clk 0:04:44]} 55. Kb5
{[%clk 0:03:57]} Kf8 {[%clk 0:04:48]} 56. Kc4 {[%clk 0:03:52]} Kg7
{[%clk 0:04:44]} 57. Kd3 {[%clk 0:03:23]} Kg6 {[%clk 0:05:03]} 58. Rh4
{[%clk 0:03:29]} Re6 {[%clk 0:05:02]} 59. Rf4 {[%clk 0:03:19]} f5
{[%clk 0:05:07]} 60. h4 {[%clk 0:02:29]} Kf6 {[%clk 0:05:29]} 61. Ra4
{[%clk 0:02:22]} Kg6 {[%clk 0:05:18]} 62. Rf4 {[%clk 0:02:50]} Re1 63. Ra4
{[%clk 0:03:01]} Re8 {[%clk 0:02:17]} 64. Rb4 {[%clk 0:03:25]} Kf6
{[%clk 0:02:22]} 65. Rb6+ {[%clk 0:03:36]} Re6 {[%clk 0:02:47]} 66. Rb4
{[%clk 0:04:01]} Kg7 {[%clk 0:02:21]} 67. Ra4 {[%clk 0:04:21]} Re7
{[%clk 0:02:22]} 68. Rb4 {[%clk 0:04:46]} Kg6 {[%clk 0:02:13]} 69. Ra4
{[%clk 0:04:52]} Kh5 {[%clk 0:01:57]} 70. Rf4 {[%clk 0:05:21]} Kg6
{[%clk 0:02:05]} 71. Ra4 {[%clk 0:05:49]} Re1 {[%clk 0:02:24]} 72. Rb4
{[%clk 0:06:12]} Rg1 {[%clk 0:02:29]} 73. Ke3 {[%clk 0:05:57]} Kh5
{[%clk 0:02:08]} 74. Rf4 {[%clk 0:05:44]} Kg6 {[%clk 0:02:29]} 75. Ra4
{[%clk 0:06:06]} Rg3+ {[%clk 0:02:45]} 76. Kf2 {[%clk 0:06:17]} Rg4
{[%clk 0:03:10]} 77. Ra6+ {[%clk 0:05:55]} Kh5 {[%clk 0:03:06]} 78. Rf6
{[%clk 0:06:12]} Kxh4 {[%clk 0:02:44]} 79. Rxf5 {[%clk 0:05:57]} h5
{[%clk 0:03:13]} 80. Ra5 {[%clk 0:05:48]} Rg8 {[%clk 0:03:37]} 1/2-1/2